| 000 | 01978cam a2200445 i 4500 | ||
|---|---|---|---|
| 001 | 3222 | ||
| 003 | FISKH | ||
| 005 | 20240220143731.0 | ||
| 008 | 140730s2015 nyu 000 0 eng c | ||
| 010 | _a 2014030355 | ||
| 020 | _a9780316241311 (hardcover) | ||
| 020 | _z9780316241342 (ebook) | ||
| 020 | _z9780316241328 (library edition ebook) | ||
| 020 | _a9780316241335 | ||
| 040 |
_aIEN/DLC _beng _cIEN _erda _dDLC |
||
| 042 | _apcc | ||
| 043 |
_an-us--- _af-rh--- |
||
| 050 | 0 | 0 |
_aLB3614 _b.A45 2015 |
| 082 | 0 | 0 |
_a305.235096891 _223 |
| 100 | 1 | _aAlifirenka, Caitlin, | |
| 245 | 1 | 0 |
_aI will always write back : _bhow one letter changed two lives / _cCaitlin Alifirenka & Martin Ganda ; with Liz Welch. |
| 250 | _aFirst paperback edition May 2016 | ||
| 260 |
_aNew York : _bLittle Brown, _c2015 |
||
| 300 |
_a402 pages : _c21 cm |
||
| 336 |
_atext _btxt _2rdacontent |
||
| 337 |
_aunmediated _bn _2rdamedia |
||
| 338 |
_avolume _bnc _2rdacarrier |
||
| 520 | _aMartin was lucky to even receive a pen-pal letter. There were only ten letters, and fifty kids in his class. But he was the top student, so he got the first one. That letter was the beginning of a correspondence that spanned six years and changed two lives. In this compelling dual memoir, Caitlin and Martin recount how they became best friends and better people through their long-distance exchange. Their story will inspire you to look beyond your own life and wonder about the world at large and your place in it. | ||
| 600 | 1 | 0 |
_aAlifirenka, Caitlin _vCorrespondence. |
| 600 | 1 | 0 |
_aGanda, Martin _vCorrespondence. |
| 650 | 0 |
_aPen pals _zUnited States. |
|
| 650 | 0 |
_aPen pals _zZimbabwe. |
|
| 650 | 0 |
_aTeenagers _zZimbabwe _xSocial conditions. |
|
| 650 | 0 |
_aTeenagers _zUnited States _xSocial conditions. |
|
| 650 | 0 | _aFriendship. | |
| 700 | 1 |
_aGanda, Martin. _eAuthor |
|
| 700 | 1 |
_aWelch, Liz, _d1969- _eAuthor |
|
| 906 |
_a7 _bcbc _corignew _d1 _eecip _f20 _gy-gencatlg |
||
| 942 |
_2ddc _cBK _n0 |
||
| 999 |
_c3222 _d3222 |
||